Culture générale• Niveau 9ans - Statistiques

Statistiques générales
  • Ce quiz a été pris 555 fois
  • Le résultat moyen est 6 sur 10
Statistiques - réponses
Question Réponse % Correct
Qui a été le président avant Emmanuel Macron ? François Hollande
93%
Qu’obtient-on en mélangeant le bleu et le rouge ? Violet
90%
La date du premier pas sur la Lune ? 21 juillet 1969
89%
Qui était surnommé « Roi soleil ☀️ » Louis XIV
84%
Combien il y a t-il de jours dans une année bissextile ? 366
80%
Qui a gagné l’euro 2016 au football ? Portugal
53%
Quel est la religion la plus pratiquée au monde en 2023 Christianisme
43%
Combien il y a t-il de fourmis dans le monde 20 millions de milliards
42%
Quel est l’os qui permet d’entendre ? Os étrier
39%
Vrai ou faux ? Les poules n’ont pas de dents. Faux
11%
Aucun quiz correspondant
Distribution des résultats
% des personnes avec chaque résultat
Percentile par nombre de réponses
Votre historique - résultats
Vous n’avez pas pris ce quiz